000 00297nam a22001457a 4500
003 SGT
020 _a8171797210
082 _a362
_bFRA
100 _aFRANCIS,C.M
245 _aHOSPITAL ADMINISTRATION
250 _a3RD
260 _bJAYPEE PUBLISHER
_c2004
300 _a385
942 _2ddc
_cBK
_07
999 _c16335
_d16335